| 000 | 00925nam a22002057a 4500 | ||
|---|---|---|---|
| 999 |
_c17862 _d17862 |
||
| 003 | AR-CdUCM | ||
| 008 | 190509b ||||| |||| 00| 0 spa d | ||
| 040 |
_aMUNICIPALIDAD PROVINCIAL DEL CUSCO _cBIBLIOTECA MUNICIPAL DEL CUSCO |
||
| 082 |
_a332.08 / _bG71 |
||
| 100 |
_aGouvea de Bulhoes, Octavio _938060 |
||
| 245 | _aFunción de los precios en el desarrollo / | ||
| 260 |
_aMéxico : _bCentro de Estudios Latinoamericanos, _c1961. |
||
| 300 |
_a89 paginas ; _c20 cm. |
||
| 505 | _aContenido :Métodos de mercado y producción --Escala de producción y productividad de factores --Saneamiento del mercado de precios y descentralizacion de las actividades económicas --El sistema fiscal y los precios de equilibrio --Generalización del estudio de la economia / | ||
| 650 |
_aPrecios _95669 |
||
| 650 |
_aProductividad (Economía) _938061 |
||
| 650 |
_aTeoria _95077 |
||
| 942 |
_2ddc _cLIBROS |
||
| 945 |
_arjall _d2019-05-09 |
||